| 000 | 01122nam a22003497a 4500 | ||
|---|---|---|---|
| 003 | CHAP | ||
| 005 | 20220329133453.0 | ||
| 008 | 971013s r 00010 d | ||
| 010 | _a6752 | ||
| 011 | _a7724 | ||
| 035 | _a6948 | ||
| 040 | _cCHAP | ||
| 090 | _aFolleto 14178 | ||
| 100 | 0 | 0 |
_aGreene, Richard V. _950577 |
| 245 | _aNew nondestructive technology for evaluating corn | ||
| 260 |
_aPeoria, Il. : _bAgricultural Research Service, _c(199?) |
||
| 300 | _a5 p. | ||
| 590 |
_aBATCH-UPD _b10 _c20130110 _lUCH01 _h0300 |
||
| 590 |
_aBATCH-UPD _b10 _c20130110 _lUCH01 _h1723 |
||
| 590 |
_aBATCH-UPD _b10 _c20130409 _lUCH01 _h2331 |
||
| 590 |
_aBATCH-UPD _b10 _c20130914 _lUCH01 _h0347 |
||
| 590 |
_aCONVERSION _b10 _c20130109 _lUCH01 _h1305 |
||
| 650 | 1 | 4 |
_aAnálisis espectrométrico. _95983 |
| 650 | 1 | 4 |
_aFusarium moniliforme. _944091 |
| 650 | 1 | 4 |
_aMaíz _xAnálisis. _970861 |
| 650 | 1 | 4 |
_aMaíz _xEnfermedades. _970939 |
| 700 | 0 |
_aGordon, Sherald H. _950030 |
|
| 901 | _aBK | ||
| 942 | _cFOLL | ||
| 949 |
_aFolleto 14178 _bBC _cFOLL _d-16663 _eTS1 _i6948 _si |
||
| 949 |
_aFolleto 14178 _bBC _cFOLL _d-16665 _eTS2 _fc.2 _i6948 _si |
||
| 999 |
_c6752 _d6752 |
||